| 000 | 00997nam a2200301 i 4500 | ||
|---|---|---|---|
| 001 | 18429 | ||
| 003 | ES-MaACL | ||
| 005 | 20250826063129.0 | ||
| 007 | t| | ||
| 008 | 011119s2001 sp |||| | spa d | ||
| 020 | _a84-8432-231-9 | ||
| 080 | _a008(460)"17" | ||
| 080 | _a946.0"17/18" | ||
| 100 | 1 |
_aAmalric, Jean-Pierre. _921102 |
|
| 245 | 1 | 3 |
_aLa España de la Ilustración (1700-1833) / _cJean-Pierre Amalric, Lucienne Domergue ; traducción castellana de Octavi Pellissa. |
| 260 |
_aBarcelona : _bCrítica, _c[2001] |
||
| 300 |
_a184 p. : _bil. ; _c23 cm. |
||
| 490 | 1 |
_aLibros de historia (Crítica) _9242037 |
|
| 650 | 0 | 4 |
_aIlustración- _zEspaña _913585 |
| 651 | 4 |
_aEspaña- _xHistoria- _yS.XVIII. _98359 |
|
| 651 | 7 |
_aEspaña- _xHistoria- _yS.XIX _9142005 |
|
| 700 | 1 |
_aDomergue, Lucienne. _945107 |
|
| 700 | 1 |
_aPellissa, Octavi. _990100 |
|
| 830 | 0 |
_aLibros de historia (Crítica) _9242037 |
|
| 852 |
_aES-MaACL _jL-25059 |
||
| 942 | _2udc | ||
| 999 |
_c18429 _d18429 |
||